000 02253cam a22004814i 4500
003 PE-LiUPU
005 20250731183348.0
008 090504s2009 ne r 000 0 eng d
020 _a9064506426
020 _a9789064506420
035 _a(Sirsi) i9789064506420
040 _aPUCPR
_bspa
_cPUCPR
_dCKJAV
_dPE-LiUPU
_erda
082 0 4 _a720.944
_bM84
_221
100 1 _aMoos, Stanislaus von,
_eautor.
245 1 0 _aLe corbusier :
_belements of a synthesis /
_cStanislaus von Moos.
250 _aRevised and expanded.
264 _aRotterdam, Holanda :
_b010 Publishers,
_c2009.
300 _a367 páginas :
_bilustraciones ;
_c24 centímetros.
336 _atext
_2rdacontent
337 _aunmediated
_2rdamedia
338 _avolume
_2rdacarrier
504 _aÍndices: páginas 356-367.
505 0 _aCharles-Edouard Jeanneret -- Purism and 'Esprit nouveau' -- Typology and design method -- Variations on a utopian theme -- Urbanism -- Public buildings -- Elements of a synthesis.
526 _aP158
526 _aP146
526 _aP17
526 _aP12
526 _aP06
541 _g003-001196;
600 1 4 _aLe Corbusier,
_d1887-1965
_xBiografía.
600 1 4 _aLe Corbusier,
_d1887-1965
_xEstudio y crítica.
650 0 _aDiseño arquitectonico
_xHistoria
_ySiglo 20.
650 7 _aDiseño arquitectonico.
_94380
650 7 _aMovimiento moderno (Arquitectura)
910 _ajck
_bebj
_cebj
_d20160628
942 _2ddc
_cBOOK
949 _a720.944 M84
_wDEWEY
_c1
_i73803
_lCCODEBUL1
_mBUL
_p26.06
_r0
_sY
_tBOOK
_u2016-6-28
_xINGENIERIA
_PP06
_0COMPRA
_o.STAFF. Colección General
949 _a720.944 M84
_wDEWEY
_c2
_i73804
_lCCODEBUL1
_mBUL
_p26.06
_r0
_sY
_tBOOK
_u2016-6-28
_xINGENIERIA
_PP06
_0COMPRA
_o.STAFF. Colección General
994 _aC0
_bPEPRU
596 _a1
999 _a720.944 M84
_wDEWEY
_c10249
_i73803
_d10249
_e2019-8-7
_f2021-11-9
_g8
_lCCODEBUL1
_mBUL
_n1
_p26.06
_r0
_sY
_tBOOK
_u2016-6-28
_xINGENIERIA
_PP06
_0COMPRA
_o.STAFF. Colección General
999 _a720.944 M84
_wDEWEY
_c2
_i73804
_d2019-8-13
_e2019-8-9
_f2021-11-9
_g7
_lCCODEBUL1
_mBUL
_n1
_p26.06
_r0
_sY
_tBOOK
_u2016-6-28
_xINGENIERIA
_PP06
_0COMPRA
_o.STAFF. Colección General
980 _81
_gALBERTO SANCHEZ Responsable de Automatización